00452 2200193 4500001002100000005001500021008004100036020001800077035001900095041000700114082000800121090001400129100002800143245001500171260002300186300002400209500000600233650001900239INLIS00000000000635320241224113256241224||||||||| | ||| |||| || |  a979-514-198-8 0010-1224006353 aid0 a813 a813 MOH e0 aMoch.Dana Fia dan Kawan00aEmas Putih bRemaja Rosda Karya a51 hlm.:ilus.;21 cm a3 0aIlmu Pertanian